000 00551nam a22002057a 4500
003 OSt
005 20160701182032.0
008 160701b xxu||||| |||| 00| 0 eng d
020 _a9780435463328
040 _cDNLM
082 _aW84.5 H347c 2006
100 _aAsbridge, Laura [et....al]
_99919
245 _aHealth and Social Care
260 _aOxford; Heinemann Educational, c2006
300 _avi,378p; col.ill: 26.5cm
504 _aGlossary, & index included
650 _aHealth care
_912
650 _aSocial care
_913
942 _2z
_cO_SHELF
999 _c4612
_d4612